header

Max and the tag along moon (Record no. 262836)

MARC details
000 -LEADER
fixed length control field 00222nam a22000977a 4500
020 ## - INTERNATIONAL STANDARD BOOK NUMBER
ISBN 97804252887453
100 ## - MAIN ENTRY--AUTHOR NAME
Personal name Floyd Cooper
245 ## - TITLE STATEMENT
Title Max and the tag along moon
260 ## - PUBLICATION, DISTRIBUTION, ETC. (IMPRINT)
Place of publication U.S.A
Name of publisher Penguin Group
Year of publication 2013
942 ## - ADDED ENTRY ELEMENTS (KOHA)
Koha item type Long Loan Books

No items available.

© 2026 Rongo University
Contact us: librarian | system librarian | Rongo university